[Event "GBR-ch 100th"]
[Site "Torquay"]
[Date "2013.08.08"]
[Round "10"]
[White "Henderson, David"]
[Black "Lane, Gary William"]
[Result "0-1"]
[WhiteElo "2053"]
[BlackElo "2401"]
[PlyCount "58"]
[EventDate "2013.07.29"]
[EventType "swiss"]
[EventRounds "11"]
[EventCountry "GBR"]
[Source "John Saunders"]
[SourceDate "2015.07.24"]

1. e4 e5 2. Nf3 Nc6 3. Bb5 a6 4. Ba4 Nf6 5. O-O Nxe4 6. d4 Be7 7. Re1 f5 8.
dxe5 O-O 9. Bb3+ Kh8 10. Nc3 Nxc3 11. bxc3 Qe8 12. Bf4 Nd8 13. Qd3 Ne6 14. Qd2
b5 15. Rad1 Bb7 16. Qe3 Bc5 17. Qc1 Bxf3 18. gxf3 Qg6+ 19. Kf1 Qh5 20. Bxe6
dxe6 21. Rd3 Ba7 22. Red1 Qh4 23. Be3 c5 24. f4 Qxh2 25. Rd7 Qh3+ 26. Ke2 Qg4+
27. Ke1 Bb6 28. R1d6 Ba5 29. Qd2 h5 0-1

[Event "GBR-ch 100th"]
[Site "Torquay"]
[Date "2013.08.08"]
[Round "10"]
[White "Hoare, Amy B"]
[Black "Emery, Keith"]
[Result "1-0"]
[WhiteElo "1873"]
[BlackElo "1906"]
[PlyCount "101"]
[EventDate "2013.07.29"]
[EventType "swiss"]
[EventRounds "11"]
[EventCountry "GBR"]
[Source "John Saunders"]
[SourceDate "2015.07.24"]

1. e4 Nf6 2. e5 Nd5 3. c4 Nb6 4. d4 d6 5. exd6 cxd6 6. Nc3 g6 7. Be3 Bg7 8. Rc1
Nc6 9. b3 O-O 10. d5 Ne5 11. Be2 Ned7 12. Nf3 Nf6 13. O-O Ng4 14. Bd4 Ne5 15.
Ne1 f6 16. f4 Nf7 17. Bf3 f5 18. Bxg7 Kxg7 19. Nc2 Nd7 20. Nd4 Nf6 21. Qd2 Qb6
22. Rce1 Re8 23. Na4 Qc7 24. Re2 Nd8 25. Rfe1 Kf7 26. Nb5 Qd7 27. Qa5 b6 28.
Nxb6 axb6 29. Qxa8 Nb7 30. Na7 Ng8 31. Nxc8 Rxc8 32. Qa3 Nc5 33. Re3 Rc7 34.
Qb2 b5 35. cxb5 Qxb5 36. Qd4 Na6 37. Rc3 Qa5 38. Rec1 Rb7 39. Rc8 Rc7 40. R8xc7
Nxc7 41. b4 Qxa2 42. Rxc7 Qb1+ 43. Kf2 Nf6 44. h3 Ne4+ 45. Bxe4 fxe4 46. Rc3
Qb2+ 47. Kg1 e3 48. Qxe3 Qxb4 49. Qe6+ Kg7 50. Qxe7+ Kh6 51. Qg5+ 1-0

[Event "GBR-ch 100th"]
[Site "Torquay"]
[Date "2013.08.08"]
[Round "10"]
[White "Jaunooby, Ali Reza"]
[Black "Armstrong, Malcolm J"]
[Result "0-1"]
[WhiteElo "2170"]
[BlackElo "2014"]
[PlyCount "118"]
[EventDate "2013.07.29"]
[EventType "swiss"]
[EventRounds "11"]
[EventCountry "GBR"]
[Source "John Saunders"]
[SourceDate "2015.07.24"]

1. d4 d5 2. Nf3 Nf6 3. Bf4 c5 4. e3 Nc6 5. c3 Qb6 6. Na3 c4 7. Qc1 Bf5 8. Nh4
Bd7 9. b3 Qa5 10. b4 Qd8 11. Nf3 g6 12. b5 Nb8 13. Qb2 Qa5 14. Ne5 Ne4 15. Nxd7
Nxd7 16. Nb1 Nb6 17. a4 Nxa4 18. Bc7 Qxc7 19. Rxa4 Bg7 20. f3 Nd6 21. e4 dxe4
22. fxe4 Nxe4 23. b6 Qd7 24. Bxc4 Nd6 25. Rxa7 O-O 26. Qa2 Rac8 27. Bd5 e5 28.
dxe5 Bxe5 29. O-O Qb5 30. Qb3 Qxb3 31. Bxb3 Rc6 32. Bd5 Rxb6 33. Rd1 Kg7 34. c4
Rxb1 35. Rxb1 Bd4+ 36. Kf1 Bxa7 37. Ke2 Rc8 38. Kd3 Bc5 39. Re1 b6 40. Re7 Re8
41. Rd7 Re3+ 42. Kd2 Ra3 43. h3 h5 44. Ke2 Kf6 45. Kd2 Ke5 46. Ke2 b5 47. Bxf7
Nxf7 48. Rd5+ Ke4 49. Rxc5 Ra2+ 50. Kf1 Ke3 51. Kg1 b4 52. Rb5 Ra1+ 53. Kh2 Rb1
54. c5 Ne5 55. c6 Nxc6 56. Rg5 b3 57. Rxg6 b2 58. Rxc6 Rc1 59. Re6+ Kf4 0-1

[Event "GBR-ch 100th"]
[Site "Torquay"]
[Date "2013.08.08"]
[Round "10"]
[White "Jones, Steven"]
[Black "Martin, Lewis"]
[Result "1-0"]
[WhiteElo "2033"]
[BlackElo "2043"]
[PlyCount "39"]
[EventDate "2013.07.29"]
[EventType "swiss"]
[EventRounds "11"]
[EventCountry "GBR"]
[Source "John Saunders"]
[SourceDate "2015.07.24"]

1. Nf3 Nf6 2. c4 g6 3. d4 Bg7 4. Nc3 d5 5. Qb3 dxc4 6. Qxc4 O-O 7. e4 Nfd7 8.
Be3 Nb6 9. Qb3 Nc6 10. d5 Ne5 11. Nxe5 Bxe5 12. f4 Bg7 13. a4 a5 14. Rd1 Bg4
15. Rd2 Re8 16. Bb5 Bd7 17. O-O Nc8 18. e5 Bxb5 19. Nxb5 Rb8 20. Rc1 1-0

[Event "GBR-ch 100th"]
[Site "Torquay"]
[Date "2013.08.08"]
[Round "10"]
[White "Knott, Simon JB"]
[Black "Osborne, Marcus E"]
[Result "1-0"]
[WhiteElo "2318"]
[BlackElo "2269"]
[PlyCount "163"]
[EventDate "2013.07.29"]
[EventType "swiss"]
[EventRounds "11"]
[EventCountry "GBR"]
[Source "John Saunders"]
[SourceDate "2015.07.24"]

1. Nf3 Nf6 2. c4 c6 3. d4 d5 4. e3 Bg4 5. h3 Bxf3 6. Qxf3 e6 7. Nc3 Bd6 8. Bd3
Nbd7 9. O-O O-O 10. Rd1 Re8 11. Qe2 Qe7 12. Qf1 Rac8 13. c5 Bc7 14. f4 h6 15.
Bd2 Nh7 16. g4 f6 17. Bg6 Red8 18. h4 Nhf8 19. Bd3 e5 20. Qf2 e4 21. Be2 f5 22.
g5 hxg5 23. hxg5 Kf7 24. Kg2 Ne6 25. Qg3 g6 26. Rh1 Rh8 27. b4 Qf8 28. Rxh8
Qxh8 29. Rh1 Qg7 30. Rh6 Rh8 31. Rxh8 Qxh8 32. Nd1 Qb8 33. Qh4 Qg8 34. Qh6 Qg7
35. Qxg7+ Nxg7 36. b5 Ke7 37. bxc6 bxc6 38. Ba6 Ne6 39. Nc3 Kd8 40. Na4 Nb8 41.
Bf1 Ke7 42. Kf2 Nd8 43. Be2 Nb7 44. Ke1 Ba5 45. Bxa5 Nxa5 46. Kd2 Nb7 47. Kc3
Ke6 48. Kb4 Ke7 49. Nc3 Kd7 50. a3 Nd8 51. Na2 Nb7 52. Ka4 Kd8 53. Nb4 Kd7 54.
Nc2 Kd8 55. Ne1 Ke7 56. Ng2 Kf7 57. Kb4 Kg7 58. Bf1 Kf7 59. Nh4 Nd7 60. Ba6 Nd8
61. Bc8 Nb8 62. Kc3 Kg7 63. Kd2 Kf7 64. Ke2 Kg7 65. Kf2 Kf7 66. Kg3 Kg7 67.
Bxf5 gxf5 68. Nxf5+ Kg6 69. Kg4 Nd7 70. Nd6 Kg7 71. f5 Nf7 72. Nc8 a6 73. Kf4
Nd8 74. Nd6 Nf7 75. Ne8+ Kf8 76. Nc7 a5 77. f6 Nxg5 78. Kxg5 Kf7 79. Kf5 Nxf6
80. Ne6 Ne8 81. Nd8+ Ke7 82. Nxc6+ 1-0

[Event "GBR-ch 100th"]
[Site "Torquay"]
[Date "2013.08.08"]
[Round "10"]
[White "Kosten, Anthony C"]
[Black "Weaving, Richard"]
[Result "1/2-1/2"]
[WhiteElo "2458"]
[BlackElo "2196"]
[PlyCount "196"]
[EventDate "2013.07.29"]
[EventType "swiss"]
[EventRounds "11"]
[EventCountry "GBR"]
[Source "John Saunders"]
[SourceDate "2015.07.24"]

1. e4 e5 2. Nf3 Nc6 3. Bb5 a6 4. Ba4 Nf6 5. O-O Be7 6. Re1 b5 7. Bb3 d6 8. c3
O-O 9. d4 Bg4 10. Be3 exd4 11. cxd4 Na5 12. Bc2 c5 13. Nbd2 cxd4 14. Bxd4 Nc6
15. Be3 d5 16. h3 Bh5 17. g4 Bg6 18. e5 Ne4 19. Nb3 f6 20. Nbd4 Nxd4 21. Nxd4
Qd7 22. e6 Qb7 23. Nf5 Rad8 24. Bd4 Rfe8 25. Bb3 Kh8 26. Nh4 Bb4 27. Nxg6+ hxg6
28. Re3 Rxe6 29. Qd3 Qc7 30. Qe2 Qf4 31. Rd1 Bd6 32. Qf3 Qh2+ 33. Kf1 Bf4 34.
Red3 Rde8 35. Bxd5 R6e7 36. Qg2 Ng5 37. Qxh2 Bxh2 38. Be3 Ne6 39. Bc6 Rc8 40.
Bf3 Be5 41. b3 Kg8 42. Rd7 Rc7 43. Rxe7 Rxe7 44. Bd5 Kf8 45. Rc1 Ke8 46. Rc6
Nc7 47. Be4 Kd7 48. Rc2 g5 49. Bc5 Re8 50. Rd2+ Kc8 51. Bg6 Rh8 52. Kg2 Kb7 53.
Be4+ Kb8 54. Bf5 g6 55. Bxg6 Ne6 56. Be3 Nf4+ 57. Bxf4 Bxf4 58. Rd7 Rc8 59. Bf5
Rc7 60. Rd8+ Kb7 61. Be4+ Kb6 62. Rf8 Be5 63. f4 gxf4 64. h4 Rc3 65. h5 Rg3+
66. Kf1 Bd4 67. Rd8 Be3 68. Ke2 Rh3 69. Rd6+ Kc5 70. Rd5+ Kb4 71. Bg2 f3+ 72.
Bxf3 Bg5 73. Kf2 Bh4+ 74. Ke3 Bg5+ 75. Ke4 Rh2 76. Kf5 Rxa2 77. Rd3 Rh2 78. Bd5
a5 79. Be6 Re2 80. Bd7 Kc5 81. Kg6 Rh2 82. Rf3 Rh4 83. Kf5 Rh2 84. Rd3 Rh1 85.
Be6 Rh2 86. Rd5+ Kc6 87. Kg6 Rh3 88. Rxg5 fxg5 89. h6 Kd6 90. Bg8 a4 91. bxa4
bxa4 92. Kxg5 Ke7 93. Kg6 Kf8 94. Bc4 a3 95. g5 Rg3 96. Bd5 Rg1 97. h7 Rxg5+
98. Kxg5 Kg7 1/2-1/2

[Event "GBR-ch 100th"]
[Site "Torquay"]
[Date "2013.08.08"]
[Round "10"]
[White "Ledger, David"]
[Black "Kalaiyalahan, Akshaya"]
[Result "1-0"]
[WhiteElo "2305"]
[BlackElo "1920"]
[PlyCount "94"]
[EventDate "2013.07.29"]
[EventType "swiss"]
[EventRounds "11"]
[EventCountry "GBR"]
[Source "John Saunders"]
[SourceDate "2015.07.24"]

1. e4 c5 2. Nf3 Nc6 3. d4 cxd4 4. Nxd4 g6 5. Nc3 Bg7 6. Be3 Nf6 7. Bc4 Qa5 8.
O-O O-O 9. Nb3 Qd8 10. f3 d6 11. Qe1 Bd7 12. Rf2 Re8 13. Rd1 Na5 14. Bf1 Nxb3
15. axb3 Qb8 16. Rfd2 Bc6 17. b4 b5 18. Ra1 Nd7 19. Ra6 Bb7 20. Ra2 a6 21. Nd5
Bxd5 22. Rxd5 Nb6 23. Rd1 Rc8 24. c3 Qb7 25. Qf2 Nc4 26. Bd4 Bxd4 27. Rxd4 Qb6
28. Bxc4 bxc4 29. Rd5 Qb7 30. Raa5 Rc6 31. Qd2 Rb6 32. h4 Rb5 33. Qd4 Rxa5 34.
Rxa5 Qc6 35. h5 Rb8 36. h6 Qb6 37. Rxa6 Qxd4+ 38. cxd4 f6 39. Ra4 Kf7 40. Kf2
g5 41. Ke3 Kg6 42. d5 Kxh6 43. g4 Kg6 44. Kd4 Kf7 45. Kxc4 Ke8 46. b5 Kd8 47.
Ra7 Ke8 1-0

[Event "GBR-ch 100th"]
[Site "Torquay"]
[Date "2013.08.08"]
[Round "10"]
[White "Mackle, Dominic"]
[Black "Warman, Simon M"]
[Result "1-0"]
[WhiteElo "2216"]
[BlackElo "2093"]
[PlyCount "39"]
[EventDate "2013.07.29"]
[EventType "swiss"]
[EventRounds "11"]
[EventCountry "GBR"]
[Source "John Saunders"]
[SourceDate "2015.07.24"]

1. d4 c5 2. d5 d6 3. c4 g6 4. e4 Nf6 5. Nc3 Bg7 6. Nf3 O-O 7. Bd3 e6 8. O-O Re8
9. Bg5 h6 10. Bh4 exd5 11. cxd5 Na6 12. a3 Nc7 13. Re1 g5 14. Bg3 b5 15. e5
dxe5 16. d6 e4 17. Nxe4 Nxe4 18. dxc7 Qf6 19. Bxe4 Rxe4 20. Qd8+ 1-0

[Event "GBR-ch 100th"]
[Site "Torquay"]
[Date "2013.08.08"]
[Round "10"]
[White "McCullough, Simon L"]
[Black "Taylor, Adam C"]
[Result "0-1"]
[WhiteElo "2076"]
[BlackElo "2001"]
[PlyCount "84"]
[EventDate "2013.07.29"]
[EventType "swiss"]
[EventRounds "11"]
[EventCountry "GBR"]
[Source "John Saunders"]
[SourceDate "2015.07.24"]

1. e4 g6 2. h4 h5 3. d4 Bg7 4. Nf3 d5 5. exd5 Bg4 6. Nc3 Nf6 7. Bb5+ Nbd7 8.
Be2 O-O 9. Ne5 Bxe2 10. Qxe2 Nxd5 11. Bd2 Nxe5 12. dxe5 Nxc3 13. Bxc3 Qd5 14.
O-O Rad8 15. Rfd1 Qe6 16. Qe4 c6 17. Qb4 b6 18. Qa4 a5 19. Qe4 Rd5 20. Qe3 c5
21. Rxd5 Qxd5 22. Qe2 Rd8 23. Qa6 Bxe5 24. Bxe5 Qxe5 25. Qxb6 Rd2 26. c3 a4 27.
Qa5 Rxb2 28. Qxa4 Qe2 29. Qf4 e5 30. Qf6 e4 31. Qf4 Rxa2 32. Rxa2 Qxa2 33. Qb8+
Kh7 34. Qe5 Qc4 35. Kh2 Kg8 36. Kg3 e3 37. f4 Qe2 38. Qe8+ Kg7 39. Qe5+ Kh7 40.
Qf6 Qg4+ 41. Kh2 Kg8 42. Qd8+ Kg7 0-1

[Event "GBR-ch 100th"]
[Site "Torquay"]
[Date "2013.08.08"]
[Round "10"]
[White "Moss, Guy"]
[Black "Murphy, Hugh"]
[Result "1-0"]
[WhiteElo "2018"]
[BlackElo "2170"]
[PlyCount "63"]
[EventDate "2013.07.29"]
[EventType "swiss"]
[EventRounds "11"]
[EventCountry "GBR"]
[Source "John Saunders"]
[SourceDate "2015.07.24"]

1. e4 e5 2. Nf3 Nc6 3. Bb5 Bc5 4. O-O Nf6 5. d3 Nd4 6. Nxd4 Bxd4 7. c3 Bb6 8.
Bg5 c6 9. Ba4 d6 10. h3 h6 11. Be3 Be6 12. Qe2 g5 13. Bb3 Qe7 14. Bxb6 axb6 15.
Nd2 Nd7 16. d4 Nf8 17. dxe5 dxe5 18. Rfd1 Ng6 19. Bxe6 Qxe6 20. Nc4 Nf4 21. Qf1
O-O 22. Rd6 Qe7 23. Rxh6 Kg7 24. Rd6 b5 25. Ne3 f5 26. Rad1 Nd5 27. R6xd5 cxd5
28. Nxf5+ Rxf5 29. exf5 Qf7 30. Qxb5 Rxa2 31. Rxd5 Rxb2 32. Qd3 1-0

[Event "GBR-ch 100th"]
[Site "Torquay"]
[Date "2013.08.08"]
[Round "10"]
[White "Owens, Megan R"]
[Black "Kirby, Peter J"]
[Result "1/2-1/2"]
[WhiteElo "1852"]
[BlackElo "1982"]
[PlyCount "83"]
[EventDate "2013.07.29"]
[EventType "swiss"]
[EventRounds "11"]
[EventCountry "GBR"]
[Source "John Saunders"]
[SourceDate "2015.07.24"]

1. c4 e5 2. g3 Nc6 3. Bg2 f5 4. Nc3 Nf6 5. Nd5 Nxd5 6. cxd5 Ne7 7. d3 Ng6 8. h4
Bb4+ 9. Bd2 Bxd2+ 10. Qxd2 h6 11. h5 Ne7 12. Qc3 O-O 13. Qxe5 d6 14. Qc3 Bd7
15. Nh3 c6 16. Nf4 Qb6 17. Qb3 Qxb3 18. axb3 c5 19. Kd2 Rfc8 20. Bh3 Kf7 21. e4
Kf6 22. Rae1 Re8 23. Ng2 a5 24. f4 Bb5 25. e5+ Kf7 26. exd6 Nxd5 27. Bxf5 Kf6
28. Bg6 Red8 29. Re5 Rxd6 30. Rhe1 Bd7 31. Nh4 Nb4 32. Bf5 g5 33. hxg6 Bxf5 34.
Rxf5+ Kg7 35. Rf7+ Kg8 36. Ree7 Rxd3+ 37. Kc1 Rad8 38. Rg7+ Kh8 39. Rh7+ Kg8
40. Rhg7+ Kh8 41. Rh7+ Kg8 42. Rhg7+ 1/2-1/2

[Event "GBR-ch 100th"]
[Site "Torquay"]
[Date "2013.08.08"]
[Round "10"]
[White "Rayner, Francis"]
[Black "Burnett, Jim"]
[Result "1-0"]
[WhiteElo "2186"]
[BlackElo "2117"]
[PlyCount "65"]
[EventDate "2013.07.29"]
[EventType "swiss"]
[EventRounds "11"]
[EventCountry "GBR"]
[Source "John Saunders"]
[SourceDate "2015.07.24"]

1. e4 e6 2. d4 d5 3. Nd2 c5 4. exd5 Qxd5 5. Ngf3 cxd4 6. Bc4 Qd6 7. O-O Nf6 8.
Nb3 Nc6 9. Nbxd4 Nxd4 10. Nxd4 a6 11. Re1 Qc7 12. Bf1 Bd7 13. g3 O-O-O 14. Bf4
Bd6 15. Bxd6 Qxd6 16. Bg2 Nd5 17. Qf3 Qb6 18. Rad1 Rhf8 19. c4 Nb4 20. Qb3 Qc5
21. Nc2 Nc6 22. Qc3 Kb8 23. b4 Qg5 24. b5 axb5 25. cxb5 Ne7 26. Re5 Qf6 27. Qc5
Bc8 28. Rd6 Nf5 29. Rxd8 Qxd8 30. b6 Qd6 31. Qa5 Bd7 32. Qa7+ Kc8 33. Qa8+ 1-0

[Event "GBR-ch 100th"]
[Site "Torquay"]
[Date "2013.08.08"]
[Round "10"]
[White "Reid, John"]
[Black "Bates, Richard"]
[Result "0-1"]
[WhiteElo "2151"]
[BlackElo "2375"]
[PlyCount "64"]
[EventDate "2013.07.29"]
[EventType "swiss"]
[EventRounds "11"]
[EventCountry "GBR"]
[Source "John Saunders"]
[SourceDate "2015.07.24"]

1. d4 Nf6 2. c4 g6 3. Nc3 Bg7 4. e4 d6 5. Nf3 O-O 6. h3 e5 7. d5 Na6 8. Bg5 h6
9. Be3 Nc5 10. Nd2 a5 11. g4 c6 12. Be2 Bd7 13. h4 a4 14. g5 hxg5 15. hxg5 Nh7
16. Rg1 Qa5 17. Qc2 f5 18. gxf6 Rxf6 19. Bg4 Be8 20. O-O-O Bf7 21. Rg2 a3 22.
b3 Na6 23. Nf3 Nb4 24. Qd2 b5 25. cxb5 cxd5 26. exd5 Rxf3 27. Bxf3 e4 28. Bxe4
Rc8 29. Bxg6 Rxc3+ 30. Kb1 Rxb3+ 31. Kc1 Qc7+ 32. Bc2 Nxa2# 0-1

[Event "GBR-ch 100th"]
[Site "Torquay"]
[Date "2013.08.08"]
[Round "10"]
[White "Smith, Andrew Philip"]
[Black "Graham, David Bruce"]
[Result "1/2-1/2"]
[WhiteElo "2110"]
[BlackElo "2165"]
[PlyCount "68"]
[EventDate "2013.07.29"]
[EventType "swiss"]
[EventRounds "11"]
[EventCountry "GBR"]
[Source "John Saunders"]
[SourceDate "2015.07.24"]

1. e4 e6 2. f4 d5 3. e5 c5 4. Nf3 Nc6 5. c3 Nh6 6. Na3 Qb6 7. Nc2 Bd7 8. Be2
Be7 9. O-O c4+ 10. Kh1 Bc5 11. Ne3 f6 12. d4 cxd3 13. Qxd3 a5 14. exf6 gxf6 15.
f5 Nxf5 16. Nxf5 exf5 17. Qxd5 O-O-O 18. Bf4 Rhe8 19. Bc4 Ne5 20. Nxe5 fxe5 21.
Bg5 Bc6 22. Bxd8 Qxb2 23. Qxc6+ bxc6 24. Bxa5 Qa3 25. Bb4 Bxb4 26. cxb4 Qxb4
27. Ba6+ Kd7 28. Rxf5 Qe4 29. Rff1 Ra8 30. Rfd1+ Ke7 31. Bd3 Qd5 32. a4 Rg8 33.
Bf1 Qa5 34. h3 Rd8 1/2-1/2

[Event "GBR-ch 100th"]
[Site "Torquay"]
[Date "2013.08.08"]
[Round "10"]
[White "Stewart, Ashley"]
[Black "Shaw, Peter"]
[Result "0-1"]
[WhiteElo "2053"]
[BlackElo "2164"]
[PlyCount "52"]
[EventDate "2013.07.29"]
[EventType "swiss"]
[EventRounds "11"]
[EventCountry "GBR"]
[Source "John Saunders"]
[SourceDate "2015.07.24"]

1. c4 e5 2. g3 d6 3. Bg2 f5 4. Nc3 Nf6 5. d3 Be7 6. e4 c6 7. Nge2 O-O 8. O-O
Na6 9. exf5 Bxf5 10. d4 Qe8 11. h3 Qh5 12. Kh2 Nb4 13. a3 Nc2 14. Ra2 exd4 15.
Nxd4 Nxd4 16. Qxd4 Ng4+ 17. Kg1 Ne5 18. f4 Bxh3 19. fxe5 Bxg2 20. Kxg2 Rxf1 21.
Kxf1 Rf8+ 22. Bf4 dxe5 23. Qe4 exf4 24. gxf4 Bc5 25. Ne2 Re8 26. Qg2 Rxe2 0-1

[Event "GBR-ch 100th"]
[Site "Torquay"]
[Date "2013.08.08"]
[Round "10"]
[White "Storey, Charles"]
[Black "Purdon, Colin"]
[Result "1-0"]
[WhiteElo "2214"]
[BlackElo "2140"]
[PlyCount "90"]
[EventDate "2013.07.29"]
[EventType "swiss"]
[EventRounds "11"]
[EventCountry "GBR"]
[Source "John Saunders"]
[SourceDate "2015.07.24"]

1. c4 e5 2. Nc3 Nf6 3. g3 c6 4. Bg2 d5 5. cxd5 cxd5 6. Qb3 Nc6 7. Nxd5 Nd4 8.
Nxf6+ Qxf6 9. Qd1 Bf5 10. d3 Rc8 11. Kf1 Qb6 12. Rb1 a5 13. Bd2 Bb4 14. Nf3 O-O
15. Nxd4 exd4 16. h3 Be6 17. a3 Bxd2 18. Qxd2 Qb3 19. Bf3 b6 20. Qf4 Rfd8 21.
Be4 Qc2 22. Kg2 Qxe2 23. Rhc1 Qh5 24. g4 Qb5 25. g5 Bd5 26. Qf5 Bxe4+ 27. dxe4
Qxf5 28. exf5 Rc5 29. Rxc5 bxc5 30. Kf3 Kf8 31. Ke4 Ke7 32. Rc1 Kd6 33. b4 axb4
34. axb4 cxb4 35. Kxd4 Rb8 36. Rb1 b3 37. f4 Rb4+ 38. Ke3 b2 39. h4 g6 40. fxg6
hxg6 41. Kf3 Kd5 42. f5 Ke5 43. fxg6 fxg6 44. Kg3 Kf5 45. Rf1+ Ke4 1-0

[Event "GBR-ch 100th"]
[Site "Torquay"]
[Date "2013.08.08"]
[Round "10"]
[White "Tavares, Shawn P"]
[Black "Ball, Laurence"]
[Result "1-0"]
[WhiteElo "2178"]
[BlackElo "2108"]
[PlyCount "63"]
[EventDate "2013.07.29"]
[EventType "swiss"]
[EventRounds "11"]
[EventCountry "GBR"]
[Source "John Saunders"]
[SourceDate "2015.07.24"]

1. d4 f5 2. Nf3 Nf6 3. Bg5 e6 4. Nbd2 Be7 5. Bxf6 Bxf6 6. e4 fxe4 7. Nxe4 O-O
8. Bd3 d5 9. Nxf6+ Qxf6 10. c3 Nd7 11. Qc2 Qh6 12. Qe2 Nf6 13. Ne5 Bd7 14. O-O
Rae8 15. f4 Bc8 16. g4 Nd7 17. g5 Qh4 18. Ng4 e5 19. Qg2 Kh8 20. dxe5 Nc5 21.
Be2 Ne4 22. Rad1 h5 23. gxh6 gxh6 24. Rd3 Bf5 25. Rh3 Qe7 26. Rxh6+ Bh7 27. Bd3
Rg8 28. Bxe4 dxe4 29. Kh1 Rg6 30. Rxg6 Bxg6 31. Nf6 Qf7 32. Rg1 1-0

[Event "GBR-ch 100th"]
[Site "Torquay"]
[Date "2013.08.08"]
[Round "10"]
[White "Thompson, Robert"]
[Black "Jackson, Oliver"]
[Result "0-1"]
[WhiteElo "1978"]
[BlackElo "2207"]
[PlyCount "80"]
[EventDate "2013.07.29"]
[EventType "swiss"]
[EventRounds "11"]
[EventCountry "GBR"]
[Source "John Saunders"]
[SourceDate "2015.07.24"]

1. Nf3 d6 2. d4 Bg4 3. Nbd2 Nd7 4. e4 c6 5. h3 Bh5 6. Bd3 e5 7. c3 Ngf6 8. g4
Bg6 9. Nh4 Bxe4 10. Bxe4 Nxe4 11. Nxe4 d5 12. Nf5 dxe4 13. Qe2 g6 14. Ng3 Bg7
15. Qxe4 O-O 16. dxe5 Nc5 17. Qe2 Nd3+ 18. Kf1 Re8 19. Be3 Qd5 20. Kg1 Rad8 21.
Kh2 Nxe5 22. h4 f5 23. gxf5 gxf5 24. Rad1 Ng4+ 25. Kh3 Qe6 26. Rxd8 Rxd8 27.
Rg1 Re8 28. Nh5 Re7 29. Qf3 Nxe3 30. Rxg7+ Rxg7 31. Nxg7 Kxg7 32. Qxe3 Qxe3+
33. fxe3 Kf6 34. Kg3 Ke5 35. Kf3 h5 36. a4 a5 37. b4 b6 38. b5 cxb5 39. axb5 a4
40. c4 a3 0-1

[Event "GBR-ch 100th"]
[Site "Torquay"]
[Date "2013.08.08"]
[Round "10"]
[White "Thorpe, Thomas"]
[Black "Richardson, Alex"]
[Result "1/2-1/2"]
[WhiteElo "1875"]
[BlackElo "2149"]
[PlyCount "79"]
[EventDate "2013.07.29"]
[EventType "swiss"]
[EventRounds "11"]
[EventCountry "GBR"]
[Source "John Saunders"]
[SourceDate "2015.07.24"]

1. d4 Nf6 2. g4 h6 3. Nc3 d5 4. h3 e6 5. Bg2 Nc6 6. Bf4 Bd6 7. Bxd6 cxd6 8. e3
Qb6 9. Nge2 Qxb2 10. Rb1 Qa3 11. O-O Qa5 12. Nb5 Qd8 13. Qc1 O-O 14. Qa3 Ne8
15. e4 dxe4 16. Bxe4 d5 17. Bg2 Na5 18. Qg3 Nc4 19. Rfd1 Bd7 20. Rd3 Bxb5 21.
Rxb5 Ncd6 22. Rb1 Rc8 23. c3 Nf6 24. h4 b6 25. Qh3 Nh7 26. Rg3 Qe7 27. Re1 Rce8
28. Nf4 Qd8 29. Re5 Kh8 30. g5 hxg5 31. hxg5 g6 32. Qh6 Rg8 33. Rh3 Rg7 34.
Bxd5 exd5 35. Nxd5 Rxe5 36. Nf6 Rxg5+ 37. Qxg5 Ne4 38. Nxe4 Qxg5+ 39. Nxg5 Kg8
40. Nxh7 1/2-1/2

[Event "GBR-ch 100th"]
[Site "Torquay"]
[Date "2013.08.08"]
[Round "10"]
[White "Varnam, Liam"]
[Black "Girdlestone, Paul C"]
[Result "0-1"]
[WhiteElo "2107"]
[BlackElo "2155"]
[PlyCount "94"]
[EventDate "2013.07.29"]
[EventType "swiss"]
[EventRounds "11"]
[EventCountry "GBR"]
[Source "John Saunders"]
[SourceDate "2015.07.24"]

1. c4 e5 2. g3 Nc6 3. Bg2 g6 4. Nc3 Bg7 5. e4 d6 6. Nge2 Bg4 7. f3 Be6 8. d3 h5
9. h4 Qd7 10. Nd5 f6 11. Be3 Nd8 12. Qd2 c6 13. Ndc3 Ne7 14. c5 Nf7 15. cxd6
Qxd6 16. f4 Rd8 17. d4 O-O 18. Rd1 Bg4 19. Qc2 Qe6 20. d5 cxd5 21. exd5 Qa6 22.
Qd3 Nf5 23. Qxa6 bxa6 24. Bxa7 exf4 25. gxf4 Rfe8 26. Kf2 N7d6 27. Rd3 Nb5 28.
Bc5 Rc8 29. Bb4 Rc4 30. a3 Nxc3 31. Nxc3 Rxf4+ 32. Kg1 Bh6 33. Nd1 Be2 34. Rd2
Rg4 35. Kf2 Bxd2 36. Bxd2 Bc4 37. Bf3 Rd4 38. Bc3 Rf4 39. Rh3 Bxd5 40. Bxf6 Rf8
41. Bg5 Rxf3+ 42. Rxf3 Bxf3 43. Kxf3 Nxh4+ 44. Ke4 Nf3 45. Bh6 Rf7 46. Ne3 g5
47. Nf5 Kh7 0-1

[Event "GBR-ch 100th"]
[Site "Torquay"]
[Date "2013.08.08"]
[Round "10"]
[White "Williams, Simon Kim"]
[Black "Harvey, Marcus Ross"]
[Result "1/2-1/2"]
[WhiteElo "2481"]
[BlackElo "2202"]
[PlyCount "108"]
[EventDate "2013.07.29"]
[EventType "swiss"]
[EventRounds "11"]
[EventCountry "GBR"]
[Source "John Saunders"]
[SourceDate "2015.07.24"]

1. e4 e6 2. d4 d5 3. e5 c5 4. c3 Nc6 5. Nf3 Qb6 6. Bd3 cxd4 7. cxd4 Bd7 8. O-O
Nxd4 9. Nbd2 a6 10. Nxd4 Qxd4 11. Nf3 Qb6 12. b4 Ne7 13. Be3 Qd8 14. Nd4 Nc6
15. f4 g6 16. a3 Nxd4 17. Bxd4 Bb5 18. Bxb5+ axb5 19. Qd3 Qd7 20. g4 Rc8 21. f5
gxf5 22. gxf5 Rc4 23. Kh1 Rg8 24. Rg1 Rxg1+ 25. Rxg1 exf5 26. Rg8 b6 27. Kg2
Qe6 28. Kf3 Ke7 29. Qe3 f4 30. Qxf4 Qh3+ 31. Kf2 Ke8 32. Ke1 Rc2 33. Qg5 Qc8
34. Bc5 Rxc5 35. bxc5 Qxc5 36. Qf5 b4 37. axb4 Qxb4+ 38. Kf1 Qc4+ 39. Kg2 b5
40. Kh3 Qc6 41. Kg2 b4 42. Rg3 d4+ 43. Kf2 Bh6 44. Qd3 Be3+ 45. Ke2 h6 46. Rf3
Qd5 47. Qa6 b3 48. h4 b2 49. Qa4+ Kf8 50. Qb4+ Kg7 51. Qxb2 Qxe5 52. Kd3 f5 53.
Qb7+ Kg6 54. Rf1 Qe4+ 1/2-1/2

[Event "GBR-ch 100th"]
[Site "Torquay"]
[Date "2013.08.08"]
[Round "10"]
[White "Yeo, Michael J"]
[Black "Broadley, Henry"]
[Result "1-0"]
[WhiteElo "2170"]
[BlackElo "1953"]
[PlyCount "79"]
[EventDate "2013.07.29"]
[EventType "swiss"]
[EventRounds "11"]
[EventCountry "GBR"]
[Source "John Saunders"]
[SourceDate "2015.07.24"]

1. e4 c5 2. Nf3 g6 3. d4 cxd4 4. Nxd4 Nf6 5. Nc3 Nc6 6. Be3 Bg7 7. Bc4 O-O 8.
Bb3 a5 9. f3 d5 10. exd5 Nb4 11. Nde2 a4 12. Nxa4 Nfxd5 13. Bf2 Rxa4 14. Bxa4
Bxb2 15. O-O Bxa1 16. Qxa1 Qc7 17. a3 Nc6 18. Bb3 Nf4 19. Nxf4 Qxf4 20. Rd1 h5
21. Qc3 Qe5 22. Qxe5 Nxe5 23. Bc5 Nc6 24. Ba4 Bf5 25. Rb1 Rc8 26. Rxb7 Nd8 27.
Rxe7 Rxc5 28. Re8+ Kg7 29. Rxd8 Bxc2 30. Be8 Ra5 31. Rd2 Bb3 32. a4 Kf8 33. Bd7
Ke7 34. Rd4 Rc5 35. Bb5 Be6 36. Rd2 Rc3 37. Kf2 Ra3 38. h4 Kf6 39. Kg3 Ke5 40.
Rd8 1-0

[Event "GBR-ch 100th"]
[Site "Torquay"]
[Date "2013.08.09"]
[Round "11"]
[White "Anderson, John"]
[Black "Hackner, Oskar A"]
[Result "0-1"]
[WhiteElo "2189"]
[BlackElo "2063"]
[PlyCount "68"]
[EventDate "2013.07.29"]
[EventType "swiss"]
[EventRounds "11"]
[EventCountry "GBR"]
[Source "John Saunders"]
[SourceDate "2015.07.24"]

1. e4 e6 2. d4 d5 3. Nc3 Nf6 4. e5 Nfd7 5. f4 c5 6. Nf3 Nc6 7. Be3 Be7 8. Qd2
O-O 9. Be2 a6 10. O-O b5 11. a3 Bb7 12. Bd3 Qb6 13. Qf2 cxd4 14. Nxd4 Bc5 15.
Nce2 a5 16. Qh4 g6 17. c3 b4 18. Rf3 f5 19. Kh1 Rf7 20. Rh3 Ba6 21. Bxa6 Rxa6
22. Nxe6 Bxe3 23. Ng5 Bf2 24. Qh6 Nf8 25. Nxf7 Kxf7 26. e6+ Kg8 27. Rd1 Ne7 28.
Nd4 bxc3 29. bxc3 Qb2 30. Rhd3 Bxd4 31. cxd4 Rxe6 32. h4 Nc8 33. R3d2 Qxa3 34.
Rc2 Nd6 0-1